000
00263nam a2200109Ia 4500
008
190906s9999||||xx |||||||||||||| ||und||
100
_a
Collins Egbera
245
0
_a
Integrated Mathematics
260
_a
America
_b
Penguin Books
_c
1991
300
_a
565
942
_c
BK
999
_c
6026
_d
6026